Ecokogy and integrated farming systems (Record no. 14463)

MARC details
000 -LEADER
fixed length control field 00408nam a22001577a 4500
003 - CONTROL NUMBER IDENTIFIER
control field OSt
005 - DATE AND TIME OF LATEST TRANSACTION
control field 20211022153606.0
008 - FIXED-LENGTH DATA ELEMENTS--GENERAL INFORMATION
fixed length control field 211022b |||||||| |||| 00| 0 eng d
020 ## - INTERNATIONAL STANDARD BOOK NUMBER
International Standard Book Number 0-471-95534-5
040 ## - CATALOGING SOURCE
Transcribing agency Hawassa university
050 ## - LIBRARY OF CONGRESS CALL NUMBER
Classification number 632.96/LON
082 ## - DEWEY DECIMAL CLASSIFICATION NUMBER
Classification number 632.96/LON
245 ## - TITLE STATEMENT
Title Ecokogy and integrated farming systems
260 ## - PUBLICATION, DISTRIBUTION, ETC.
Place of publication, distribution, etc. New york
Name of publisher, distributor, etc. John wiley & sons
Date of publication, distribution, etc. 1995
942 ## - ADDED ENTRY ELEMENTS (KOHA)
Source of classification or shelving scheme Dewey Decimal Classification
Koha item type Books like text book referance book
Suppress in OPAC No
Holdings
Withdrawn status Lost status Source of classification or shelving scheme Damaged status Not for loan Home library Current library Date acquired Total Checkouts Full call number Barcode Date last seen Copy number Price effective from Koha item type
    Dewey Decimal Classification     College of Agriculture Library College of Agriculture Library 10/22/2021   632.96/LON ALIB0008804 10/22/2021 C 1 10/22/2021 Books like text book referance book
    Dewey Decimal Classification     College of Agriculture Library College of Agriculture Library 10/22/2021   632.96/LON ALIB0008805 10/22/2021 C 2 10/22/2021 Books like text book referance book
    Dewey Decimal Classification     College of Agriculture Library College of Agriculture Library 10/22/2021   632.96/LON ALIB0008806 10/22/2021 C 3 10/22/2021 Books like text book referance book